A brief introduction to New Testament Greek (Record no. 48830)
[ view plain ]
| 000 -LEADER | |
|---|---|
| fixed length control field | 01193cam a2200325 i 4500 |
| 001 - CONTROL NUMBER | |
| control field | 290279 |
| 005 - DATE AND TIME OF LATEST TRANSACTION | |
| control field | 20191111114303.0 |
| 007 - PHYSICAL DESCRIPTION FIXED FIELD--GENERAL INFORMATION | |
| fixed length control field | he|amc048baca |
| 007 - PHYSICAL DESCRIPTION FIXED FIELD--GENERAL INFORMATION | |
| fixed length control field | he|bmc048baaa |
| 008 - FIXED-LENGTH DATA ELEMENTS--GENERAL INFORMATION | |
| fixed length control field | 880507r19861894nyu b 000 0 eng d |
| 020 ## - INTERNATIONAL STANDARD BOOK NUMBER | |
| International Standard Book Number | 083709237X |
| 035 ## - SYSTEM CONTROL NUMBER | |
| System control number | (CStRLIN)NJPT19863237X |
| 035 ## - SYSTEM CONTROL NUMBER | |
| System control number | (OCoLC)ocm19041886 |
| 035 ## - SYSTEM CONTROL NUMBER | |
| System control number | 290279 |
| 040 ## - CATALOGING SOURCE | |
| Original cataloging agency | PTS |
| Language of cataloging | eng |
| Description conventions | rda |
| Transcribing agency | PTS |
| 041 0# - LANGUAGE CODE | |
| Language code of text/sound track or separate title | eng |
| -- | grc |
| 100 1# - MAIN ENTRY--PERSONAL NAME | |
| Personal name | Green, Samuel G. |
| Fuller form of name | (Samuel Gosnell), |
| Dates associated with a name | 1822-1905. |
| 245 12 - TITLE STATEMENT | |
| Title | A brief introduction to New Testament Greek |
| Medium | [microform] : |
| Remainder of title | with vocabularies and exercises / |
| Statement of responsibility, etc | by Samuel G. Green. |
| 260 ## - PUBLICATION, DISTRIBUTION, ETC. (IMPRINT) | |
| Place of publication, distribution, etc | London: |
| Name of publisher, distributor, etc | The Religious Tract Society, |
| Date of publication, distribution, etc | [?] |
| 300 ## - PHYSICAL DESCRIPTION | |
| Extent | 112 pages ; |
| Dimensions | 17 cm. |
| 336 ## - CONTENT TYPE | |
| Content Type Term | text |
| 337 ## - MEDIA TYPE | |
| Media Type Term | unmediated |
| 338 ## - CARRIER TYPE | |
| Carrier Type Term | volume |
| 490 1# - SERIES STATEMENT | |
| Series statement | Present day primers |
| 533 ## - REPRODUCTION NOTE | |
| Type of reproduction | Microfiche. |
| Place of reproduction | Chicago : |
| Agency responsible for reproduction | American Theological Library Association, |
| Date of reproduction | 1986. |
| Physical description of reproduction | 1 microfiche ; 11 x 15 cm. High reduction. Silver based film. |
| Series statement of reproduction | (ATLA monograph preservation program ; ATLA fiche 1986-3237). |
| 650 #0 - SUBJECT ADDED ENTRY--TOPICAL TERM | |
| Topical term or geographic name as entry element | Greek language, Biblical |
| General subdivision | Grammar. |
| 830 #0 - SERIES ADDED ENTRY--UNIFORM TITLE | |
| Uniform title | ATLA monograph preservation program ; |
| Volume number/sequential designation | ATLA fiche 1986-3237. |
| 830 #0 - SERIES ADDED ENTRY--UNIFORM TITLE | |
| Uniform title | Present day primers. |
| 942 ## - ADDED ENTRY ELEMENTS (KOHA) | |
| Source of classification or shelving scheme | Library of Congress Classification |
| Item type | Books |
| Withdrawn status | Lost status | Source of classification or shelving scheme | Damaged status | Not for loan | Home library | Current library | Shelving location | Date acquired | Inventory number | Total Checkouts | Full call number | Barcode | Date last seen | Price effective from | Koha item type |
|---|---|---|---|---|---|---|---|---|---|---|---|---|---|---|---|
| Library of Congress Classification | BSOP Library | BSOP Library | GC | 11/11/2019 | 2542 | PA817 G82 | 00020027 | 11/11/2019 | 11/11/2019 | Books |
